Detalles MARC
| 000 -ENCABEZADO |
| Número de control [NR] |
02371nam a2200301Ia 4500 |
| 005 - FECHA Y HORA DE LA ÚLTIMA TRANSACCIÓN |
| control field |
20151209104732.0 |
| 008 - DE LONGITUD FIJA DE DATOS DE ELEMENTOS - INFORMACIÓN GENERAL |
| Elementos de longitud fija [NR] |
130821s1595 sp fr 1 mulsd |
| 040 ## - FUENTE DE CATALOGACION [NR] |
| Agencia de catalogación original [NR] |
Co-BoUCM |
| Idioma de catalogación [NR] |
spa |
| Quien Cataloga |
Sandra Yazo (modificó) |
| Quien Clasifica |
Sandra Yazo (modificó) |
| 041 0# - CODIGO DE IDIOMA [R] |
| Código de idioma para texto/pista de sonido o título separado [R] |
Latín |
| -- |
Español |
| 082 04 - NUMERO DE CLASIFICACION DECIMAL DEWEY [R] |
| Número de clasificación [R] |
349.46 |
| Número de la edición [NR] |
20 |
| 092 ## - SIGNATURA TOPOGRAFICA LOCAL |
| Número de clasificación local |
E02N094 |
| 100 1# - ASIENTO PRINCIPAL--NOMBRE PERSONAL [NR] |
| Nombre personal [NR] |
Fernández Messia, Tello |
| Fechas asociadas con el nombre [NR] |
fl. 15-- |
| ID Autoridad |
74228 |
| 242 00 - TRADUCCION DEL TITULO POR LA AGENCIA CATALOGADORA [R] |
| Título [NR] |
Primera parte de los Comentarios a las primeras treinta y ocho Leyes de Toro |
| Mención de responsabilidad, etc. [NR] |
Autor Tello Fernández |
| Código de idioma del título traducido [NR] |
spa |
| 245 10 - MENCION DE TITULO [NR] |
| Título [NR] |
Prima pars commentariorum in primas triginta et octo leges Tauri |
| Mención de responsabilidad, etc. [NR] |
authore Tello Fernandez |
| 250 ## - MENCION DE EDICION [NR] |
| Mención de edición [NR] |
In hac secunda editione locupletatum, & a mendis quibus scatebat, repurgatum [En esta segunda edición completado y corregido de los errores que lo afectaban] |
| 260 ## - PUBLICACION, DISTRIBUCION, ETC. (PIE DE IMPRENTA) [R] |
| Lugar de publicación, distribución, etc. [R] |
Madriti [Madrid] (España) |
| Nombre del editor, distribuidor, etc. [R] |
Apud Ludovicum Sanchez [En los talleres de Luis Sánchez] |
| Fecha de publicación, distribución, etc. [R] |
1595 |
| 300 ## - DESCRIPCION FISICA [R] |
| Extensión [R] |
[29] páginas, 245 folios |
| Dimensiones [R] |
28 x 20 cm. |
| 500 ## - NOTA GENERAL [R] |
| Nota general [NR] |
Detalles físicos: Encuadernación flexible en pergamino. Tapas con perforaciones y arrugas. Notorio doblez en tapa delantera y varias hojas al inicio de la obra. Guardas desprendidas y rotas. Portada impresa en una sola tinta con un grabado, marca tipográfica del editor. Privilegio del rey. Tasación. Erratas. Palabras al lector. Texto impreso en dos columnas. Cenefas. Mayúsculas capitales. Sumarios y párrafos numerados. Signaturas y reclamos. Notorias mancha de humedad en el papel que afecta todo el libro |
| 500 ## - NOTA GENERAL [R] |
| Nota general [NR] |
Incluye índice |
| 505 2# - NOTA DE CONTENIDO CON FORMATO PREESTABLECIDO [R] |
| Nota de contenido con formato preestablecido [NR] |
Legislación española sobre testamentos, herencias, mejoras y sucesiones: Ley III: Testamentos ; Ley IV: La posibilidad de que el condenado a muerte haga testamento ; Ley V: Posibilidad de testar por parte de los hijos que están bajo la patria potestad ; Ley VI: Derecho de los ascendientes a heredar ex testamento o ab intestato ; Ley VII: Cómo accede un hermano a la herencia de su hermano intestato |
| 506 ## - NOTA DE RESTRICCIONES DE ACCESO [R] |
| Condiciones de acceso [NR] |
Consulta en sala |
| 546 ## - NOTA DE IDIOMA [R] |
| Nota de idioma [NR] |
Texto en latín con comentarios en español antiguo |
| 650 #7 - ASIENTO SECUNDARIO DE MATERIA - TERMINO TEMATICO [R] |
| Término temático o nombre geográfico como elemento de entrada [NR] |
Derecho español |
| Subdivisión general [R] |
Obras anteriores a 1800 |
| -- |
Comentarios |
| 9 (RLIN) |
38257 |
| 650 #7 - ASIENTO SECUNDARIO DE MATERIA - TERMINO TEMATICO [R] |
| Término temático o nombre geográfico como elemento de entrada [NR] |
Testamentos |
| Subdivisión general [R] |
Obras anteriores a 1800 |
| 9 (RLIN) |
37669 |
| Subdivisión geográfica [R] |
España |
| 653 ## - TERMINO DE INDIZACION - NO CONTROLADO [R] |
| Término de indización no controlado [R] |
Leyes de Toro -- España |
| 856 41 - LOCALIZACION Y ACCESO ELECTRONICOS [R] |
| Nota dirigida al público [R] |
Disponible en línea |
| Identificador Uniforme del Recurso (“URI”) [R] |
<a href="http://books.google.com.co/books?id=TH1lwOHRP1oC&printsec=frontcover&source=gbs_atb">http://books.google.com.co/books?id=TH1lwOHRP1oC&printsec=frontcover&source=gbs_atb</a> |
| 942 ## - ELEMENTOS DE ENTRADA AGREGADOS (KOHA) |
| Tipo de ítem principal el descrito en 300a |
Libro |
| Tema principal |
8 |
| Edición |
2 |
| Sistema de clasificación |
LOCAL |
| Clasificación |
E02N094 |